00512nam a2200157 a 450000100100000000500170001000800410002702000180006804000250008610000270011124500400013826000330017830000210021195201050023299900170033700004138920201002034839.0131001s2009 uy 000 0 spa d a9789974967601 aDO-SdBNPbspacBNPHU1 aGenta, Graciela96804110aPalabra descalza /cGraciela Genta. aMontevideo,cUruguay :bCBA. a104 p. ;c18 cm. 001050718MOaGRbGRcCTd2013-10-01iLF1l0o p41389-10r2020-06-25w2020-06-25y1ZNo se presta c40879d40879